Workplace Spirituality as a Precursor to Relationship-Oriented Selling Characteristics

Very few studies have looked upon the construct of workplace spirituality in sales organization context. This paper integrates workplace spirituality with sales literature. The paper points out that self-interest transcendence is a common aspect in the workplace spirituality concept which emerged a...

Full description

Saved in:  
Bibliographic Details
Authors: Chawla, Vaibhav (Author) ; Guda, Sridhar (Author)
Format: Electronic Article
Language:English
Check availability: HBZ Gateway
Interlibrary Loan:Interlibrary Loan for the Fachinformationsdienste (Specialized Information Services in Germany)
Published: 2013
In: Journal of business ethics
Year: 2013, Volume: 115, Issue: 1, Pages: 63-73
Further subjects:B Workplace Spirituality
B Self-interest transcendence
B Adaptive selling
B Service orientation
B Ethical selling behavior
B Customer Orientation
Online Access: Presumably Free Access
Volltext (JSTOR)
Volltext (lizenzpflichtig)

MARC

LEADER 00000caa a22000002c 4500
001 1785647857
003 DE-627
005 20230710121134.0
007 cr uuu---uuuuu
008 220112s2013 xx |||||o 00| ||eng c
024 7 |a 10.1007/s10551-012-1370-y  |2 doi 
035 |a (DE-627)1785647857 
035 |a (DE-599)KXP1785647857 
035 |a (DE-He213)s10551-012-1370-y-e 
040 |a DE-627  |b ger  |c DE-627  |e rda 
041 |a eng 
084 |a 1  |a 0  |2 ssgn 
100 1 |a Chawla, Vaibhav  |e VerfasserIn  |4 aut 
245 1 0 |a Workplace Spirituality as a Precursor to Relationship-Oriented Selling Characteristics 
264 1 |c 2013 
336 |a Text  |b txt  |2 rdacontent 
337 |a Computermedien  |b c  |2 rdamedia 
338 |a Online-Ressource  |b cr  |2 rdacarrier 
520 |a Very few studies have looked upon the construct of workplace spirituality in sales organization context. This paper integrates workplace spirituality with sales literature. The paper points out that self-interest transcendence is a common aspect in the workplace spirituality concept which emerged a decade ago and in most of the relationship-oriented selling characteristics—customer orientation, adaptability, service orientation, and ethical selling behavior. Based on the common aspect of self-interest transcendence, we propose that workplace spirituality could be a causal precursor to relationship-oriented selling characteristics. We present guidelines for future research, implications for practice and a few potential downsides of workplace spirituality in sales organization. 
601 |a Spiritual 
650 4 |a Workplace Spirituality 
650 4 |a Service orientation 
650 4 |a Self-interest transcendence 
650 4 |a Ethical selling behavior 
650 4 |a Customer Orientation 
650 4 |a Adaptive selling 
700 1 |a Guda, Sridhar  |e VerfasserIn  |4 aut 
773 0 8 |i Enthalten in  |t Journal of business ethics  |d Dordrecht : Springer, 1982  |g 115(2013), 1, Seite 63-73  |h Online-Ressource  |w (DE-627)270937129  |w (DE-600)1478688-6  |w (DE-576)121465284  |x 1573-0697  |7 nnas 
773 1 8 |g volume:115  |g year:2013  |g number:1  |g pages:63-73 
856 |3 Volltext  |u http://www.jstor.org/stable/23433905  |x JSTOR 
856 |u https://iimk.ac.in/websiteadmin/FacultyPublications/Working%20Papers/84fullp.pdf?t=14  |x unpaywall  |z Vermutlich kostenfreier Zugang  |h repository [oa repository (via OAI-PMH title and first author match)] 
856 4 0 |u https://doi.org/10.1007/s10551-012-1370-y  |x Resolving-System  |z lizenzpflichtig  |3 Volltext  |7 1 
935 |a mteo 
951 |a AR 
ELC |a 1 
ITA |a 1  |t 1 
LOK |0 000 xxxxxcx a22 zn 4500 
LOK |0 001 4033706747 
LOK |0 003 DE-627 
LOK |0 004 1785647857 
LOK |0 005 20220112043800 
LOK |0 008 220112||||||||||||||||ger||||||| 
LOK |0 035   |a (DE-Tue135)IxTheo#2021-12-30#FA77B4E3E28BB0580F3AB6557DC7C0D5C01B6CC9 
LOK |0 040   |a DE-Tue135  |c DE-627  |d DE-Tue135 
LOK |0 092   |o n 
LOK |0 852   |a DE-Tue135 
LOK |0 852 1  |9 00 
LOK |0 866   |x JSTOR#http://www.jstor.org/stable/23433905 
LOK |0 935   |a ixzs  |a ixrk  |a zota 
LOK |0 939   |a 12-01-22  |b l01 
OAS |a 1 
ORI |a SA-MARC-ixtheoa001.raw 
REL |a 1 
SUB |a REL